Loading...
| Current Events | 1 | 20.00 | 0% | 600% | 600% |
| Fine Arts - Auditory | 3 | 6.67 | 0% | 0% | 400% |
| Fine Arts - Other | 2 | 10.00 | 0% | 0% | 600% |
| Fine Arts - Visual | 2 | 10.00 | 0% | 250% | 300% |
| Geography | 1 | 20.00 | 2,500% | 500% | 0% |
| History - American | 4 | 10.00 | 1,525% | 150% | 150% |
| History - European | 5 | 6.00 | 500% | 200% | 0% |
| History - Other | 4 | 7.50 | 625% | 275% | 0% |
| History - World | 1 | 20.00 | 2,500% | 0% | 500% |
| Literature - American | 5 | 10.00 | 1,220% | 120% | 240% |
| Literature - British | 5 | 8.00 | 1,220% | 0% | 220% |
| Literature - European | 2 | 10.00 | 0% | 550% | 0% |
| Literature - World | 3 | 13.33 | 833% | 167% | 367% |
| Mythology | 1 | 10.00 | 2,500% | 0% | 0% |
| Other Academic | 1 | 10.00 | 0% | 0% | 600% |
| Philosophy | 2 | 15.00 | 1,250% | 250% | 250% |
| Pop Culture | 1 | 0.00 | 0% | 0% | 0% |
| Religion | 3 | 16.67 | 2,033% | 400% | 200% |
| Science - Biology | 1 | 20.00 | 2,500% | 0% | 500% |
| Science - Chemistry | 4 | 10.00 | 1,525% | 0% | 300% |
| Science - Other | 4 | 7.50 | 900% | 125% | 150% |
| Science - Physics | 1 | 10.00 | 0% | 600% | 0% |
| Social Science | 4 | 7.50 | 625% | 150% | 125% |